UM Logo

Legal Considerations For Fire & Emergency Services / (Record no. 13357)

MARC details
000 -LEADER
fixed length control field 00777nam a22001937a 4500
008 - FIXED-LENGTH DATA ELEMENTS--GENERAL INFORMATION
fixed length control field 190307b ||||| |||| 00| 0 eng d
082 ## - DEWEY DECIMAL CLASSIFICATION NUMBER
Edition number 2014
Classification number AV-Eb 344.7303218
Item number V43
100 ## - MAIN ENTRY--PERSONAL NAME
Personal name Varone, J. Curtis.
9 (RLIN) 37315
245 ## - TITLE STATEMENT
Title Legal Considerations For Fire & Emergency Services /
Statement of responsibility, etc. J. Curtis Varone.
260 ## - PUBLICATION, DISTRIBUTION, ETC. (IMPRINT)
Name of publisher, distributor, etc. PennWell Corporation,
Date of publication, distribution, etc. ©2014.
300 ## - PHYSICAL DESCRIPTION
Extent 728 pages;
500 ## - GENERAL NOTE
General note Includes index.
650 ## - SUBJECT ADDED ENTRY--TOPICAL TERM
Source of heading or term Emergency medical services -- Law and legislation -- United States.
650 ## - SUBJECT ADDED ENTRY--TOPICAL TERM
Source of heading or term Fire departments -- Law and legislation -- United States.
650 ## - SUBJECT ADDED ENTRY--TOPICAL TERM
Source of heading or term Labor laws and legislation -- United States.
700 ## - ADDED ENTRY--PERSONAL NAME
Personal name Varone, J. Curtis.
9 (RLIN) 37315
856 ## - ELECTRONIC LOCATION AND ACCESS
Link text https://ebookcentral.proquest.com/lib/uniofmindanao-ebooks/detail.action?docID=3385358
942 ## - ADDED ENTRY ELEMENTS (KOHA)
Source of classification or shelving scheme Dewey Decimal Classification
Koha item type Ebooks
Holdings
Withdrawn status Lost status Source of classification or shelving scheme Damaged status Not for loan Home library Current library Shelving location Date acquired Source of acquisition Total Checkouts Full call number Barcode Date last seen Copy number Price effective from Koha item type
    Dewey Decimal Classification     UM Digos College - LIC UM Digos College - LIC Processing Center 03/07/2019 Downloaded   AV-Eb 344.7303218 V43 Eb07 03/07/2019 1 03/07/2019 Ebooks